Вып. 9; Машины и аппараты целлюлозно-бумажных производств

מידע ביבליוגרפי
Parent link:Машины и аппараты целлюлозно-бумажных производств: межвузовский сборник научных трудов/ Ленинградский технологический институт целлюлозно-бумажной промышленности (ЛТИ ЦБП). Вып. 9.— , [1980]-1981
מחברים אחרים: Кугушев И. Д. Илья Дмитриевич (редактор)
שפה:רוסית
יצא לאור: 1981
נושאים:
פורמט: MixedMaterials ספר
KOHA link:https://koha.lib.tpu.ru/cgi-bin/koha/opac-detail.pl?biblionumber=312280

MARC

LEADER 00000nam2a2200000 4500
001 312280
005 20231102002453.0
035 |a (RuTPU)RU\TPU\book\337648 
035 |a RU\TPU\book\334253 
090 |a 312280 
100 |a 20151109d1981 k y0rusy5003 ca 
101 0 |a rus 
102 |a RU 
105 |a a z 001zy 
200 0 |a Вып. 9  |f отв. ред. И. Д. Кугушев 
210 |d 1981 
215 |a 152 с.  |c ил. 
320 |a Библиогр. в конце ст. 
461 1 |0 (RuTPU)RU\TPU\book\318261  |t Машины и аппараты целлюлозно-бумажных производств  |o межвузовский сборник научных трудов  |f Ленинградский технологический институт целлюлозно-бумажной промышленности (ЛТИ ЦБП)  |v Вып. 9  |d [1980]-1981 
606 1 |a Целлюлозно-бумажные предприятия  |x Оборудование  |x Монтаж  |2 stltpush  |3 (RuTPU)RU\TPU\subj\60444  |9 77744 
610 1 |a волокнистые суспензии 
610 1 |a математические модели 
610 1 |a поверхностное натяжение 
610 1 |a кинетика 
610 1 |a бумажные материалы 
610 1 |a реологические параметры 
610 1 |a дефибрилляторы 
610 1 |a трение 
610 1 |a трение качения 
610 1 |a автоматическое управление 
610 1 |a статистические исследования 
675 |a 676.05  |z rus  |v 4 
702 1 |a Кугушев  |b И. Д.  |g Илья Дмитриевич  |4 340 
801 0 |a RU  |b RuMRKP  |c 19950704  |g psbo 
801 1 |a RU  |b 63413507  |c 20151218 
801 2 |a RU  |b 63413507  |c 20171019  |g RCR 
942 |c BK